Regionální politika

Uložené v:
Podrobná bibliografia
Hlavný autor: Žítek, Vladimír
Korporativný autor: Masarykova univerzita v Brně. Ekonomicko-správní fakulta
Ďalší autori: Klímová, Viktorie
Médium: Kniha
Jazyk:Czech
Vydavateľské údaje: Brno Masarykova univerzita 2008
Predmet:
Tagy: Pridať tag
Žiadne tagy, Buďte prvý, kto otaguje tento záznam!

MARC

LEADER 00000nam$a2200000$$$4500
001 0107865
005 20240313090341.3
020 |a 978-80-210-4761-7 
041 0 |a cze 
044 |a CZ 
245 1 0 |a Regionální politika  |c Vladimír Žítek, Viktorie Klímová 
264 1 |a Brno  |b Masarykova univerzita  |c 2008 
300 |a 106 s. 
610 2 0 |a politika regionálna 
610 2 0 |a regióny 
610 2 0 |a disparita 
610 2 0 |a podpora štátna 
610 2 0 |a Česko 
610 2 0 |a Európska únia 
610 2 0 |a Slovensko 
610 2 0 |a Poľsko 
610 2 0 |a Maďarsko 
100 1 |a Žítek, Vladimír 
700 1 |a Klímová, Viktorie 
710 2 |a Masarykova univerzita v Brně. Ekonomicko-správní fakulta